Statistiken für Gemeinden Landkreis Straubing-Bogen

Klicken Sie hier um das Quiz zu spielen!

Allgemein

  • Dieses Quiz wurde 54 mal gespielt
  • Das Durchschnittsergebnis liegt bei 18 aus 37

Antwortstatistiken

EinwohnerGemeindeartGemeinde% Korrekt
10.197Stadtgemeinde, KreisstadtBogen
97%
3.805GemeindeKirchroth
72%
3.263GemeindeStraßkirchen
69%
3.378GemeindeAiterhofen
66%
3.093GemeindeOberschneiding
66%
3.238GemeindeParkstetten
63%
2.623GemeindeSalching
63%
3.179GemeindeSteinach
63%
6.824StadtgemeindeGeiselhöring
59%
6.977MarktgemeindeMallersdorf-Pfaffenberg
59%
2.823MarktgemeindeMitterfels
56%
2.880GemeindeRain
56%
4.182GemeindeLeiblfing
53%
1.646GemeindeAscha
50%
2.058GemeindeHaibach
50%
1.139GemeindeIrlbach
50%
3.755GemeindeWiesenfelden
50%
3.292GemeindeHunderdorf
47%
2.814GemeindeNiederwinkling
47%
1.868GemeindeSt. Englmar
47%
1.712GemeindeAtting
44%
1.545GemeindePerkam
44%
2.841MarktgemeindeSchwarzach
44%
1.377GemeindeStallwang
44%
1.864GemeindeAholfing
41%
1.989GemeindeFeldkirchen
38%
1.888GemeindeHaselbach
38%
1.789GemeindeKonzell
38%
3.379GemeindeLaberweinting
38%
1.492GemeindeRattiszell
38%
1.040GemeindeFalkenfels
34%
1.735GemeindeNeukirchen
34%
606GemeindeLoitzendorf
31%
1.429GemeindeMariaposching
31%
1.723GemeindeRattenberg
31%
538GemeindePerasdorf
25%
1.139GemeindeWindberg
25%

Verteilung der Resultate

Perzentil nach korrekt beantworteten Fragen

Anzahl Personen mit jedem Resultat

Ihre Resultats-Entwicklung

Sie haben dieses Quiz noch nicht gespielt